[Event "Ambelokipi op 168th"]
[Site "Athens"]
[Date "2018.03.14"]
[Round "3"]
[White "Skalkotas, Nikolaos"]
[Black "Mengoulis, Konstantinos"]
[Result "1-0"]
[WhiteElo "2012"]
[BlackElo "1691"]
[PlyCount "53"]
[EventDate "2018.02.28"]
[EventType "swiss"]
[EventRounds "7"]
[EventCountry "GRE"]
[SourceTitle "EXT 2019"]
[Source "ChessBase"]
[SourceDate "2018.10.10"]
[SourceVersion "1"]
[SourceVersionDate "2018.10.10"]
[SourceQuality "1"]

1. d4 b6 2. e4 Bb7 3. Nc3 e6 4. a3 g6 5. Nf3 Bg7 6. h4 h6 7. Bf4 d6 8. Bc4 Nd7 9. Qe2 a6 10. h5 g5 11. Bg3 Ne7 12. 0-0-0 b5 13. Ba2 Nb6 14. Kb1 Qd7 15. e5 d5 16. Ne1 Nf5 17. Bh2 Bf8 18. b4 Ne7 19. Nd3 Nc6 20. Nc5 Bxc5 21. dxc5 Nc8 22. Ne4 Qe7 23. Nf6+ Kf8 24. c4 Kg7 25. cxb5 axb5 26. Rdf1 g4 27. Qxg4+ 1-0

[Event "Athens Iraklion op 17th"]
[Site "Athens"]
[Date "2014.06.15"]
[Round "2"]
[White "Mengoulis, Konstantinos"]
[Black "Nikolaou, Georgios"]
[Result "0-1"]
[WhiteElo "1655"]
[BlackElo "2317"]
[PlyCount "60"]
[EventDate "2014.06.14"]
[EventType "swiss"]
[EventRounds "9"]
[EventCountry "GRE"]
[SourceTitle "EXT 2015"]
[Source "ChessBase"]
[SourceDate "2014.11.20"]
[SourceVersion "1"]
[SourceVersionDate "2014.11.20"]
[SourceQuality "1"]

1. d4 Nf6 2. c4 e6 3. Nc3 Bb4 4. f3 d5 5. e3 0-0 6. Qc2 b6 7. cxd5 exd5 8. Bd3 c5 9. a3 Ba5 10. Nge2 c4 11. Bf5 b5 12. Bxc8 Qxc8 13. 0-0 Qd7 14. Bd2 Bb6 15. Be1 Re8 16. Bf2 Na6 17. Na2 Bc7 18. Rae1 Bd6 19. b4 Nc7 20. Ng3 a5 21. Ra1 axb4 22. Nxb4 Ra4 23. Rfb1 Rea8 24. Qc3 g6 25. Nf1 Qe6 26. Bg3 Bxg3 27. Nxg3 h5 28. Kf2 h4 29. Nf1 Qf5 30. Rb2 Ne4+ 0-1

[Event "Ambelokipi op 145th"]
[Site "Athens"]
[Date "2014.06.07"]
[Round "5"]
[White "Savoglou, Nikolaos"]
[Black "Mengoulis, Konstantinos"]
[Result "1-0"]
[WhiteElo "1969"]
[BlackElo "1655"]
[PlyCount "81"]
[EventDate "2014.05.10"]
[EventType "swiss"]
[EventRounds "7"]
[EventCountry "GRE"]
[SourceTitle "EXT 2016"]
[Source "ChessBase"]
[SourceDate "2015.10.08"]
[SourceVersion "1"]
[SourceVersionDate "2015.10.08"]
[SourceQuality "1"]

1. d4 d5 2. c4 e6 3. Nc3 Nf6 4. cxd5 exd5 5. Bg5 Nbd7 6. e3 Be7 7. Qc2 h6 8. Bh4 0-0 9. Bd3 b6 10. Nf3 Bb7 11. 0-0 c5 12. Rfd1 Ne4 13. Nxd5 Bxd5 14. Bxe4 Nf6 15. Bxd5 Qxd5 16. dxc5 Qxc5 17. Qxc5 Bxc5 18. Bxf6 gxf6 19. Kf1 Rfd8 20. Ke2 Bd6 21. Rac1 Kf8 22. Rc6 Ke7 23. Nh4 Be5 24. Nf5+ Ke8 25. Nd4 Rac8 26. Rxc8 Rxc8 27. Rd2 Rc5 28. f4 Bd6 29. Rc2 Rd5 30. Kd3 f5 31. Rc8+ Ke7 32. Ra8 Kf6 33. Rxa7 Rc5 34. Rd7 Bc7 35. b4 Rc1 36. Rd5 Rg1 37. Rxf5+ Kg6 38. h4 Rxg2 39. h5+ Kg7 40. Rd5 Rxa2 41. Rd7 1-0

[Event "Ambelokipi op 140th"]
[Site "Athens"]
[Date "2013.12.14"]
[Round "6"]
[White "Ilandzis, Spyridon"]
[Black "Mengoulis, Konstantinos"]
[Result "1-0"]
[WhiteElo "2219"]
[BlackElo "1666"]
[PlyCount "99"]
[EventDate "2013.11.11"]
[EventType "swiss"]
[EventRounds "7"]
[EventCountry "GRE"]
[SourceTitle "EXT 2024"]
[Source "ChessBase"]
[SourceDate "2023.10.10"]
[SourceVersion "1"]
[SourceVersionDate "2023.10.10"]
[SourceQuality "1"]

1. e4 c5 2. Nf3 e6 3. d4 cxd4 4. Nxd4 Nc6 5. Nc3 Qc7 6. Be2 a6 7. 0-0 Nf6 8. Be3 Bb4 9. Na4 b5 10. Nxc6 Qxc6 11. Nb6 Rb8 12. e5 Nd5 13. Nxd5 exd5 14. Qd4 Be7 15. Bf3 Bb7 16. Rfd1 Qc4 17. Bxd5 Qxd4 18. Rxd4 Bc5 19. Bxf7+ Ke7 20. Rxd7+ Kxd7 21. Bxc5 Be4 22. c3 Kc6 23. Bd4 Bg6 24. Bxg6 hxg6 25. Re1 Rb7 26. Re3 Re7 27. f4 Re6 28. g3 Rf8 29. Kg2 Rf5 30. Kf3 Rh5 31. Re2 Rh8 32. g4 Kd5 33. Rd2 Rh3+ 34. Kg2 Rh7 35. Bf2+ Kc6 36. Bg3 Rh6 37. Kf3 Rh8 38. f5 gxf5 39. gxf5 Re7 40. Rd6+ Kb7 41. e6 Rhe8 42. Kg4 Rc7 43. Kg5 Ree7 44. Kg6 Re8 45. Be5 Rh8 46. Bf4 Rh4 47. Rd4 Rc8 48. e7 Re8 49. Kf7 Rhh8 50. Bg5 1-0